Datum a čas kvízu

39 Celkem bodů Celkový počet nahraných bodů na tomto kvízu bez doplňovacích otázek.
1. Pořadí na kvízu Konečné umístění týmu na tomto kvízu.

Zaznamenané odpovědi

# Otázka Odpověď Body Výsledky
1. Miloš Zeman se poprvé po ledno... 1
2. Trosky první čínské vesmírné s... 1
3. Do našich kin přichází filmový... 1
4. Sada smajlíků Emoji bude opět... 1
5. Minulý týden ukončila svou kar... 1
6. Oslí můstek je výraz, který se... 0
7. Blízkým a poněkud ušlechtilejš... 0
8. Koňská síla (značka HP) je sta... 0
9. Nejen koně či automobily mají... 0
10. Abyste mohli ukázat svou sílu,... 0